00400pab a2200145 454500008004000000100002100040245005900061260000900120300000900129362001100138650002400149650003400173650002800207773001900235180718b1996 xxu||||| |||| 00| 0 eng d aSubrahmanyam, K. aCoalition politics: building alliances from grassroots c1996 ap.10 a29 May aGovernment, Central aCoalition governments - India aPolitics and government aTimes of India